000 00309nam a22001337a 4500
008 170725b xxu||||| |||| 00| 0 eng d
020 _a9780256074932
041 _aeng
080 _22ND
_a004
100 _a29
101 _aSHK
245 _aSYSTEMS ANALYSIS & DESIGN METHODS
_cWHITTEN,J.L
942 _2udc
_cBK
999 _c21853
_d21853